000 00290nam a2200121Ia 4500
008 190216s9999||||xx |||||||||||||| ||und||
100 _aRobert Eisberg And Robert Resnick
245 0 _aQuantum Physics
260 _bWiley Students
_c2009
300 _a713
650 _aPhysics
942 _cBK
999 _c34387
_d34387